• 首页
  • 本馆介绍
  • 公告通知
  • 最新文献
  • 馆藏检索
  • 电子资源
  • 读者导购
  • 参考咨询
  • 我的图书馆
  • 登录
  • 详细信息显示
  • 放入我的书架
  • 预约/预借图书
  • 作者相关作品
  • 分类相关作品
  • 丛书相关作品
  • 出版社相关作品

书目信息

  • 表格格式
  • 工作单格式
  • 卡片格式
题名:
学校生态学引论
    
 
作者: 高志强 , 郭丽君 著
分册:  
出版信息: 北京   经济管理出版社  2015.01
页数: 279页
开本: 24cm
丛书名:
单 册:
中图分类: G40-056
科图分类:
主题词: 教育生态学
电子资源:
ISBN: 978-7-5096-3479-0
000 00993nam0 2200265 450
001 0120151478670
005 20160512145231.00
010    @a978-7-5096-3479-0@dCNY48.00
100    @a20150116d2015 em y0chiy50 ea
101 0  @achi
102    @aCN@b110000
105    @aak z 000yy
106    @ar
200 1  @a学校生态学引论@9xue xiao sheng tai xue yin lun@dIntroduction to school ecology@f高志强,郭丽君著@zeng
210    @a北京@c经济管理出版社@d2015.01
215    @a279页@c图@d24cm
330    @a本书从基础生态学基本原理、广义生态学基本理论、泛义生态学基本思想等层面,构建了学校生态学的理论支撑体系;从学校生态系统的一般属性、基本组分、结构特征等方面,论述了学校生态学的基本研究范式。
333    @a生态学相关人员
510 1  @aIntroduction to school ecology@zeng
606 0  @a教育生态学
690    @aG40-056@v5
701  0 @a高志强@9gao zhi qiang@f(1964-)@4著
701  0 @a郭丽君@9guo li jun@f(1975-)@4著
801  0 @aCN@b人天书店@c20150116
905    @b875962-67@dG40-056@e688@f6
    
    学校生态学引论=Introduction to school ecology/高志强,郭丽君著.-北京:经济管理出版社,2015.01
    279页:图;24cm
    使用对象:生态学相关人员
    
    ISBN 978-7-5096-3479-0:CNY48.00
    本书从基础生态学基本原理、广义生态学基本理论、泛义生态学基本思想等层面,构建了学校生态学的理论支撑体系;从学校生态系统的一般属性、基本组分、结构特征等方面,论述了学校生态学的基本研究范式。
●
相关链接 在E读中查询图书 在五车中查询图书 在当当中查询图书 在豆瓣中查询图书


正题名:学校生态学引论     索取号:G40-056/688         预约/预借

序号 登录号 条形码 馆藏地/架位号 状态 备注
1 875962   208759627   第一样本阅览室/ [索取号:G40-056/688] 在馆    
2 875963   208759636   教育系资料室/ [索取号:G40-056/688] 在馆    
3 875964   208759645   教育系资料室/ [索取号:G40-056/688] 在馆    
4 875965   208759654   教育系资料室/ [索取号:G40-056/688] 在馆    
5 875966   208759663   第四借阅区/ [索取号:G40-056/688] 在馆    
6 875967   208759672   第四借阅区/ [索取号:G40-056/688] 在馆    
唐山师范学院图书馆 欢迎您!
大连网信软件有限公司© 版权所有